000 00379pab a2200145 454500
008 180718b2003 xxu||||| |||| 00| 0 eng d
100 _aChauhan, Abha
245 _aKinship principles and the pattern of marriage alliance: the Meos of Mewat
260 _c2003
300 _ap.71-90.
362 _aMar
650 _aMarriage
773 _aSociological Bulletin
909 _a57359
999 _c57359
_d57359